Greater London Authority Act 2007 (Record no. 107631)

MARC details
000 -LEADER
fixed length control field 01516cad a22002295a 4500
001 - CONTROL NUMBER
control field L141341
008 - FIXED-LENGTH DATA ELEMENTS--GENERAL INFORMATION
fixed length control field 071116s2007 xxk f f000 0 eng d
035 ## - SYSTEM CONTROL NUMBER
System control number (Sirsi) u141341
041 0# - LANGUAGE CODE
Language code of text/sound track or separate title eng
050 04 - LIBRARY OF CONGRESS CALL NUMBER
Classification number 352.14 $2 18
110 1# - MAIN ENTRY--CORPORATE NAME
Corporate name or jurisdiction name as entry element United Kingdom
Form subheading Laws, etc
9 (RLIN) 5044
245 00 - TITLE STATEMENT
Title Greater London Authority Act 2007
Remainder of title chapter 24
Medium [electronic resource]
260 ## - PUBLICATION, DISTRIBUTION, ETC.
Place of publication, distribution, etc. London
Name of publisher, distributor, etc. OPSI
Date of publication, distribution, etc. 2007
505 2# - FORMATTED CONTENTS NOTE
Formatted contents note General functions of the authority -- Transport -- The London Development Agency -- Health -- The London Fire and Emergency Planning Authority -- Housing -- Planning -- Environmental functions -- Culture, media and sport -- Miscellaneous and general -- Supplementary provisions
520 ## - SUMMARY, ETC.
Summary, etc. Makes provision for the functions of the Greater London Authority (GLA) and details the duties and powers of the London Mayor. Sets out the London housing and spatial development strategies, as well as development control and local development schemes. Describes the environmental functions of the GLA and policies relating to transport. Also covers healthcare and culture, media and sport. Details allowances to the London Development Agency and the London Fire and Emergency Planning Authority.
590 ## - LOCAL NOTE (RLIN)
Local note KA
650 24 - SUBJECT ADDED ENTRY--TOPICAL TERM
Topical term or geographic name entry element GREATER LONDON AUTHORITY ACT 2007
651 #4 - SUBJECT ADDED ENTRY--GEOGRAPHIC NAME
Geographic name London
690 ## - LOCAL SUBJECT ADDED ENTRY--TOPICAL TERM (OCLC, RLIN)
Topical term or geographic name as entry element ENVIRONMENTAL AND LAND CONSULTANCY-PLANNING AND DEVELOPMENT-STRATEGIC PLANNING
856 40 - ELECTRONIC LOCATION AND ACCESS
Uniform Resource Identifier <a href="https://www.opsi.gov.uk/acts/acts2007/ukpga_20070024_en_5">https://www.opsi.gov.uk/acts/acts2007/ukpga_20070024_en_5</a>
Public note View the Act free of charge at www.opsi.gov.uk...
942 ## - ADDED ENTRY ELEMENTS (KOHA)
Suppress in OPAC 0
Holdings
Withdrawn status Lost status Source of classification or shelving scheme Damaged status Not for loan Home library Current library Shelving location Date acquired Total Checkouts Full call number Barcode Date last seen Copy number Price effective from Koha item type
    Dewey Decimal Classification     Virtual Virtual Online 16/11/2007   ONLINE PUBLICATION 141341-1001 06/08/2019 1 06/08/2019 Book